Name All The FNAF Chica Characters - Statistics

General Stats
  • This quiz has been taken 13 times
    9 since last reset
  • The average score is 32 of 44
Answer Stats
Hint Answer % Correct
Blacklight Blacklight Chica
100%
Blacklight Blacklight Toy Chica
100%
Classic Chica the Chicken
100%
Chocolate Chocolate Chica
100%
Circus Circus Chica
100%
Funtime Funtime Chica
100%
Glamrock Glamrock Chica
100%
Glow Glow Chica
100%
Jack-o-Nightmare Jack-O-Chica
100%
4th of July Skin Liberty Chica
100%
Hardmode Neon Chica
100%
Nightmare Nightmare Chica
100%
Phantom Phantom Chica
100%
Puppet Puppet Chica
100%
Ruined Ruined Glamrock Chica
100%
Shattered Shattered Glamrock Chica
100%
Stitched Stitched Chica
100%
Toy Toy Chica
100%
Twisted Twisted Chica
100%
Withered Withered Chica
100%
Balloon Balloon Chica
67%
Blacklight Blacklight Glamrock Chica
67%
Blacklight Blacklight Nightmare Chica
67%
Bootleg Bootleg Chica
67%
Glow Toy Glow Toy Chica
67%
Golden Glow Toy Golden Glow Toy Chica
67%
High School Years High School Toy Chica
67%
Arcade Skin Highscore Toy Chica
67%
Scary Tale Skin Little Red Chica
67%
Heatwave Skin Scorching Chica
67%
Holiday Snow Chica
67%
Spring Colorway Spring Colorway Chica
67%
Tye-Dye Tie-Dye Chica
67%
Holiday Skin Catrina Toy Chica
33%
Enemy Chica Defense Network
33%
Enemy Chicanator
33%
Enemy High School Chica Bot
33%
Enemy Love Taste Toy Chica
33%
Mascot Suit Party Time Chica
33%
Enemy Robo Chica WIP
33%
Hardmode Rockstar Chica
33%
Endoskeleton Terminator Chica
33%
Enemy Already-Ate Chica
0%
Enemy Sanshee Chica Mask
0%
No matching quizzes found
Score Distribution
Percent of People with Each Score
Percentile by Number Answered
Your Score History
You have not taken this quiz since the last reset